| 000 | 01111nam a22003137a 4500 | ||
|---|---|---|---|
| 001 | 03587 | ||
| 003 | HDC | ||
| 007 | cr bn ---aaaaa | ||
| 008 | 210111t2016 flu||||| |||| 00| 0 eng | ||
| 020 | _a1-56670-563-0 | ||
| 040 | _aHDC | ||
| 100 |
_aAhuja, Lajpat R. _eeditor _93110 |
||
| 245 | 0 |
_aAgricultural System Models In Field Research And Technology Transfer / _cEditors: Lajpat R. Ahuja, Liwang Ma, Terry A Howell |
|
| 260 |
_a Boca Raton, Florida: _bCRC Press, _c2016 |
||
| 300 | _a13 pages | ||
| 336 |
_atext _2rdacontent |
||
| 337 |
_acomputer _2rdamedia |
||
| 338 |
_aonline resource _2rdacarrier |
||
| 500 | _aIncludes bibliographical references | ||
| 650 |
_aAgricultural System _93107 |
||
| 650 |
_aComputer simulation _93108 |
||
| 650 |
_aTechnology transfer _93109 |
||
| 700 |
_aHowell, Terry A. _eeditors _93112 |
||
| 700 |
_aLiwang, Ma _eeditors _93111 |
||
| 856 | _zRequest full-text at [email protected] | ||
| 942 | _2lcc | ||
| 942 | _cCHAP | ||
| 942 | _kEBCH 001619 | ||
| 999 |
_c923 _d923 |
||